The trials and tribulations of rtd .col.dr. Kizza Besigye and 22 others (Record no. 8485)

MARC details
000 -LEADER
fixed length control field 00354nam a22001097a 4500
008 - FIXED-LENGTH DATA ELEMENTS--GENERAL INFORMATION
fixed length control field 160725b xxu||||| |||| 00| 0 eng d
022 ## - INTERNATIONAL STANDARD SERIAL NUMBER
International Standard Serial Number 9970-511-00-8
245 ## - TITLE STATEMENT
Title The trials and tribulations of rtd .col.dr. Kizza Besigye and 22 others
Statement of responsibility, etc Naluwairo, Ronald
260 ## - PUBLICATION, DISTRIBUTION, ETC. (IMPRINT)
Place of publication, distribution, etc Kampala, Uganda
Name of publisher, distributor, etc Makerere University
Date of publication, distribution, etc c,2006
300 ## - PHYSICAL DESCRIPTION
Extent v.
Dimensions 25cm
942 ## - ADDED ENTRY ELEMENTS (KOHA)
Source of classification or shelving scheme Dewey Decimal Classification
Item type Periodicals
Holdings
Withdrawn status Lost status Source of classification or shelving scheme Damaged status Not for loan Collection code Home library Current library Shelving location Date acquired Total Checkouts Barcode Date last seen Price effective from Koha item type
    Dewey Decimal Classification     Reference Law Development Centre Main Library Law Development Centre Main Library Reference 07/25/2016   266/2016 07/25/2016 07/25/2016 Periodicals